000 00574cam a2200157 4500500
005 20260322001441.0
041 _afre
042 _adc
100 1 0 _aYovel, Yirmiahu
_eauthor
700 1 0 _aVieira, Suzi
_eauthor
245 0 0 _aYirmiyahu Yovel : « Restaurer la confiance dans la capacité de l’autre à respecter ses engagements »
260 _c2008.
500 _a85
786 0 _nPhilosophie magazine | 17 | 3 | 2008-03-01 | p. 13-13 | 1951-1787
856 4 1 _uhttps://shs.cairn.info/magazine-philosophie-magazine-2008-3-page-13?lang=fr&redirect-ssocas=7080
999 _c1714882
_d1714882